000 00603cam a22002053a 4500
001 37440
003 PGUSA
005 20140828083824.0
008 110915s2011||||xxu|||||s|||||000 | eng d
040 _aPGUSA
_beng
042 _adc
100 1 _aBurney, Fanny,
_d1752-1840
245 1 4 _aThe Wanderer (Volume 4 of 5) ;
_bor, Female Difficulties
_h[electronic resource] /
_cFanny Burney
260 _bProject Gutenberg,
_c2011
506 _aPublic domain in the USA.
516 _aElectronic text
830 0 _aProject Gutenberg
_v37440
856 4 0 _uhttp://www.gutenberg.org/ebooks/37440
942 _cEB
999 _c266694
_d266694